00323nam a2200133Ia 4500008004100000020001500041041001200056082001100068100001300079245005000092260002500142300000800167650001400175221030s9999 xx 000 0 und d a0070531413 aEnglish a105.23 aP. Hanna 0aJSP 2.0 : The Complete Referencecby P. Hanna bTMHaNew Delhic2010 a841 aComputers